Est-ce à ou de?

Gespeichert in:
Bibliographische Detailangaben
1. Verfasser: Lasserre, Eugène
Format: Buch
Sprache:Spanisch
Erschienen: Paris : Payot Lausanne, 1973
Katalog:MANES:  Suchergebnis im Bibliothekskatalog
Schulbuchspezifische Eigenschaften:
Tags: Tag hinzufügen
Keine Tags, Fügen Sie den ersten Tag hinzu!
Hinzugefügt zu:29.11.1999
Geändert in:07.05.2025

MARC

LEADER 00000cam a2200000 i 4500
005 20250507134539.0
008 000000s1973 fra fp 000 0 spa d
040 |a uned  |b spa  |c entro-manes 
100 1 |a Lasserre, Eugène  |9 40300 
245 1 0 |a Est-ce à ou de? /   |c E. Lasserre 
260 |a Paris :   |b Payot Lausanne,   |c 1973 
300 |a [1] v. 
505 1 |a Contiene:   |g V. 2.   |t Exercices sur les verbes, adjectifs et locutions se construisant avec une préposition 
546 |a España 
561 |5 es-BUNED  |3 L.T.M. 2577  |a España. Fondo Manes UNED  |k MANES 
690 0 |a LE 
942 |2 ddc  |c BK 
999 |c 96939  |d 96939 
999 |c manes:96939  |d 96939